Computer graphics : (Record no. 7757)
[ view plain ]
| 000 -LEADER | |
|---|---|
| fixed length control field | 00801nac a22002291u 4500 |
| 010 ## - LIBRARY OF CONGRESS CONTROL NUMBER | |
| LC control number | 95013631 |
| 020 ## - INTERNATIONAL STANDARD BOOK NUMBER | |
| International Standard Book Number | 0201848406 |
| 082 00 - DEWEY DECIMAL CLASSIFICATION NUMBER | |
| Classification number | 006.66 |
| Item number | FOL |
| 090 ## - LOCALLY ASSIGNED LC-TYPE CALL NUMBER (OCLC); LOCAL CALL NUMBER (OCLC) | |
| -- | 7757 |
| -- | 7757 |
| 100 ## - MAIN ENTRY--PERSONAL NAME | |
| Personal name | 20080729 |
| 245 00 - TITLE STATEMENT | |
| Title | Computer graphics : |
| Remainder of title | principles and practice / |
| Statement of responsibility, etc | James D. Foley ... [et al.]. |
| 250 ## - EDITION STATEMENT | |
| Edition statement | 2nd ed. in C. |
| 260 ## - PUBLICATION, DISTRIBUTION, ETC. (IMPRINT) | |
| Place of publication, distribution, etc | Reading, Mass. : |
| Name of publisher, distributor, etc | Addison-Wesley,1995 |
| Date of publication, distribution, etc | 1995. |
| 300 ## - PHYSICAL DESCRIPTION | |
| Extent | xxiii, 1175 p. : |
| Other physical details | ill. (some col.) ; |
| Dimensions | 25 cm. |
| 440 #0 - | |
| -- | Addison-Wesley systems programming series |
| 500 ## - GENERAL NOTE | |
| General note | distributer: Baccah |
| 504 ## - BIBLIOGRAPHY, ETC. NOTE | |
| Bibliography, etc | Includes bibliographical references (p. 1113-1151) and index. |
| 511 ## - PARTICIPANT OR PERFORMER NOTE | |
| Participant or performer note | catalogued by; wessam |
| 650 #0 - SUBJECT ADDED ENTRY--TOPICAL TERM | |
| Topical term or geographic name as entry element | Computer graphics. |
| 700 1# - ADDED ENTRY--PERSONAL NAME | |
| Personal name | Foley, James D., |
| Dates associated with a name | 1942- |
| 942 ## - ADDED ENTRY ELEMENTS (KOHA) | |
| Item type | NB - Book (Non borrowing) |
| Call number prefix | 006.66FOL |
| Withdrawn status | Item status | Damaged status | Not for loan | Home library | Current library | Shelving location | Date acquired | Source of acquisition | Total Checkouts | Full call number | Barcode | Date last seen | Koha item type | Date last borrowed | Total Renewals |
|---|---|---|---|---|---|---|---|---|---|---|---|---|---|---|---|
| Central Library | Central Library | Lower Floor | 05/02/2008 | Purchase | 006.66FOL | 000009309 | 15/07/2025 | NB - Book (Non borrowing) | |||||||
| Central Library | Central Library | Lower Floor | 05/02/2008 | Purchase | 2 | 006.66FOL | 000009293 | 15/07/2025 | Book - Borrowing | 06/05/2009 | |||||
| Central Library | Central Library | Lower Floor | 05/02/2008 | Purchase | 2 | 006.66FOL | 000009311 | 15/07/2025 | Book - Borrowing | 17/01/2012 | 2 |